Manual para el control integral de las nm̤inas 2016

Detalles Bibliográficos
Autor principal: Přez Chavez, Jos ̌
Formato: Libro
Lenguaje:español
Publicado: Mexico Tax Editores 2016
Materias:
Acceso en línea:Acceso restringido

MARC

LEADER 00000nam a22000007a 4500
005 20160621194536.0
007 cr|||| ||u|
008 160621s2016 mx ||||| |||| 00||0 spa d
020 |a 978-607-440-878-2 
035 |a 14304 
040 |a vLex 
090 |c 6203  |d 6203 
100 1 |a Přez Chavez, Jos ̌ 
245 |a Manual para el control integral de las nm̤inas 2016  |h [Recurso electronico] /   |c Jos ̌Přez Chavez  
256 |a Servicio en linea 
260 |a Mexico  |b Tax Editores  |c 2016 
300 |a 1 recurso electronico  
500 |a La presente obra se enfoca en el anl̀isis del tratamiento fiscal, laboral y de seguridad social de las nm̤inas y de cada una de sus partidas, tales como sueldos y salarios, tiempo extra, da̕s de descanso, primas dominical, vacacional y de antigüedad; vacaciones, aguinaldo, participacin̤ de los trabajadores en las utilidades de las empresas (PTU), previsin̤ social, despensas, premios por asistencia y puntualidad, comisiones, propinas, entre otros. Asimismo, se muestra cada una de las obligaciones que deberǹ cumplir los empleadores al respecto. El libro est ̀dirigido al personal del departamento de recursos humanos de las empresas, empleadores, trabajadores, estudiantes y, en general, a cualquier persona interesada en conocer las obligaciones fiscales, laborales y de seguridad social relacionadas con el pago de nm̤inas. 
506 1 |a Contenido solo disponible en los productos indicadossolo disponible en los productos indicados  |d vLex Global  |d vLex Global (Academic Edition, excluding Law Schools)  |d vLex Global (U.S. Academic Edition, Law Schools)  |d vLex Global (U.S. Academic Edition, excluding Law Schools)  |d vLex Global (Academic Edition, Law Schools) 
650 0 4 |a Derecho  |z Mexico 
740 0 |a vLex libros (servcio en linea) 
856 4 0 |u http://vlex.com/source/manual-para-el-control-integral-de-las-nominas-2016-14304  |z Acceso restringido 
942 |c BOOK 
999 0 |a Law  |b Mexico